The Immigrant-Food Nexus (Record no. 17406)

MARC details
000 -LEADER
fixed length control field 00646nam a2200133Ia 4500
008 - FIXED-LENGTH DATA ELEMENTS--GENERAL INFORMATION
fixed length control field 220615s9999||||xx |||||||||||||| ||und||
020 ## - INTERNATIONAL STANDARD BOOK NUMBER
International Standard Book Number 9780260000000
245 #4 - TITLE STATEMENT
Title The Immigrant-Food Nexus
Remainder of title Borders, Labor, and Identity in North America
546 ## - LANGUAGE NOTE
Language note English[eng]
650 ## - SUBJECT ADDED ENTRY--TOPICAL TERM
Topical term or geographic name entry element transnational||translocal||identities||performance||immigrant||anti-immigrant||xenophobia||populism||labor||gender||Alternative Food Movement||marginalization||sustainable agriculture||culture||borders||boundaries||racism||agriculture||sustainability
700 ## - ADDED ENTRY--PERSONAL NAME
Personal name Agyeman, Julian||Giacalone, Sydney
856 ## - ELECTRONIC LOCATION AND ACCESS
Uniform Resource Identifier <a href="http://mitpress.mit.edu/9780262538411">http://mitpress.mit.edu/9780262538411</a>
942 ## - ADDED ENTRY ELEMENTS (KOHA)
Koha item type E-Books
Holdings
Withdrawn status Lost status Damaged status Not for loan Home library Current library Date acquired Total Checkouts Date last seen Price effective from Koha item type
        Kerala University of Digital Sciences, Innovation and Technology Knowledge Centre Kerala University of Digital Sciences, Innovation and Technology Knowledge Centre 15/06/2022   15/06/2022 15/06/2022 E-Books